LEADER 00611nam a2200181 i 4500 001 000000236686 003 CaOOAMICUS 005 20141209000000.0 008 141209s1967 it u000 u ita u 013 $a215591 040 $aSeMil$bita 245 10$aGiugno - Settembre 1917. 300 $a498 p. 773 0 $aLenin, Vladimir Il?i? <1870-1924>$tOpere complete.$dRoma : Editori Riuniti, 1955.$g25$w()30928 850 $aSeMil 852 $aSeMil$W1$xVenegono$y1$m3N I 175$j187032$B187032$CSeMilBibl$Z2$F197814 $81 961 $aOmaggio: Altro 996 $6245$aGiugno - Settembre 1917$9(OLS)http://semarc/title/337285 LEADER 01359nam a2200277 i 4500 001 000000087969 003 CaOOAMICUS 005 20160926000000.0 008 160926s1996 it u000 u ita u 013 $a60209 020 $a88-16-43606-9 040 $aSeMil$bita 100 1 $aSid Ahmed, Abdelkader.$0(OLS)http://semarc/name/40070 245 13$aIl flusso degli scambi nel Mediterraneo :$bdati, fondamento storico, prospettive /$cAbdelkader Sid Ahmed. 260 $aMilano :$bJaca Book,$ccopyr. 1996. 300 $a111 p. ;$c19 cm. 490 0 $aEDM : un'enciclopedia del Mediterraneo ;$v6 490 0 $aEDM : un'enciclopedia del Mediterraneo. Sezione Contesto Attuale ;$v6 650 4$aPaesi mediterranei - Industrializzazione.$0(OLS)http://semarc/subject/16387 830 0$aEDM : un'enciclopedia del Mediterraneo ;$v6.$0(OLS)http://semarc/title/15599 830 0$aEDM : un'enciclopedia del Mediterraneo. Sezione Contesto Attuale ;$v6.$0(OLS)http://semarc/title/26048 850 $aSeMil 852 $aSeMil$W1$xVenegono$y1$m3M II 249$j51362$B51362$CSeMilBibl$Z2$F55568 $81 996 $6020$a88-16-43606-9$9(OLS)http://semarc/number/67966 996 $6245$aIl flusso degli scambi nel Mediterraneo :$bdati, fondamento storico, prospettive$9(OLS)http://semarc/title/133950 996 $6260$aMilano :$bJaca Book$9(OLS)http://semarc/publisher/29781